Detalles MARC
| 000 -LEADER |
| fixed length control field |
03094nam a2200385 i 4500 |
| 001 - CONTROL NUMBER |
| control field |
000916830 |
| 005 - DATE AND TIME OF LATEST TRANSACTION |
| control field |
20250331184439.0 |
| 007 - PHYSICAL DESCRIPTION FIXED FIELD--GENERAL INFORMATION |
| fixed length control field |
ta |
| 008 - FIXED-LENGTH DATA ELEMENTS--GENERAL INFORMATION |
| fixed length control field |
220608s2021 ck fr 000 0 spa d |
| 020 ## - INTERNATIONAL STANDARD BOOK NUMBER |
| International Standard Book Number |
9789587971958 |
| Qualifying information |
papel |
| 020 ## - INTERNATIONAL STANDARD BOOK NUMBER |
| International Standard Book Number |
9587971957 |
| 040 ## - CATALOGING SOURCE |
| Original cataloging agency |
CO-CtgCURN |
| Language of cataloging |
spa |
| Transcribing agency |
coctgcurn |
| 043 ## - GEOGRAPHIC AREA CODE |
| Geographic area code |
s-ck--- |
| 082 04 - DEWEY DECIMAL CLASSIFICATION NUMBER |
| Classification number |
345.86102323 |
| Item number |
L839d |
| Edition information |
23 |
| 100 1# - MAIN ENTRY--PERSONAL NAME |
| Personal name |
Lombana Villalba, Jaime, |
| Relator term |
autor. |
| 245 14 - TITLE STATEMENT |
| Title |
Los delitos de concusión y cohecho / |
| Statement of responsibility, etc. |
Jaime Lombana Villalba. |
| 250 ## - EDITION STATEMENT |
| Edition statement |
Primera edición. |
| 260 ## - PUBLICATION, DISTRIBUTION, ETC. |
| Place of publication, distribution, etc. |
Bogotá : |
| Name of publisher, distributor, etc. |
Legis Editores, |
| Date of publication, distribution, etc. |
2021. |
| 260 ## - PUBLICATION, DISTRIBUTION, ETC. |
| Date of publication, distribution, etc. |
℗♭2021. |
| 300 ## - PHYSICAL DESCRIPTION |
| Extent |
xviii, 237 páginas ; |
| Dimensions |
24 cm. |
| 336 ## - CONTENT TYPE |
| Content type term |
texto |
| Content type code |
txt |
| Source |
rdacontent |
| 337 ## - MEDIA TYPE |
| Media type term |
sin mediación |
| Media type code |
n |
| Source |
rdamedia |
| 338 ## - CARRIER TYPE |
| Carrier type term |
volumen |
| Carrier type code |
nc |
| Source |
rdacarrier |
| 500 ## - GENERAL NOTE |
| General note |
Incluye perfil académico del autor en las solapas del libro. |
| 504 ## - BIBLIOGRAPHY, ETC. NOTE |
| Bibliography, etc. note |
Incluye referencias bibliográficas. |
| 505 0# - FORMATTED CONTENTS NOTE |
| Formatted contents note |
Capítulo I. Corrupción, cohecho y concusión -- capítulo II. Bien jurídico tutelado -- capítulo III. La tipificación de la concusión en el Código Penal colombiano -- capítulo IV. La distinción entre los delitos de concusión y cohecho -- capítulo V. Le a tipificación del cohecho en el Código Penal colombiano. |
| 520 1# - SUMMARY, ETC. |
| Summary, etc. |
El presente libro sostiene la necesidad de diferenciación jurídico-penal del cohecho y la concusión. No existe consenso en las legislaciones iberoamericanas sobre si la conducta del servidor público que constriñe, induce o solicita una dádiva, dinero o cualquier otra utilidad, debe adecuarse normativamente como modalidad del cohecho, o si, por el contrario, debe tipificarse autónomamente como delito de concusión. En esta obra se realizan los análisis normativo y dogmático de estas conductas. En la práctica los operadores judiciales con frecuencia califican como cohecho conductas que objetiva y subjetivamente deben tipificarse como concusión, y condenan equivocadamente por cohecho activo conductas en las que el particular, o incluso otros servidores públicos, obran coaccionados, siendo víctimas de concusión y no sujetos activos de cohecho activo. Los delitos de cohecho y concusión tienen unos ingredientes normativos específicos que los diferencian entre sí, y existe una justificación político-criminal para tipificarlos de manera separada. Concretamente, frente a la protección del bien jurídico de la administración pública, resulta legítima y garantista la tipificación autónoma de la concusión. Así lo contempla la legislación penal colombiana, como se detallará en esta obra.-- contracubierta |
| Assigning source |
editor. |
| 650 17 - SUBJECT ADDED ENTRY--TOPICAL TERM |
| Topical term or geographic name entry element |
Delitos contra la administración pública |
| Geographic subdivision |
Colombia. |
| Source of heading or term |
LEMB |
| 650 17 - SUBJECT ADDED ENTRY--TOPICAL TERM |
| Topical term or geographic name entry element |
Delitos de los funcionarios |
| General subdivision |
Aspectos jurídicos |
| Geographic subdivision |
Colombia. |
| Source of heading or term |
LEMB |
| 650 17 - SUBJECT ADDED ENTRY--TOPICAL TERM |
| Topical term or geographic name entry element |
Corrupción administrativa |
| General subdivision |
Aspectos jurídicos |
| Geographic subdivision |
Colombia. |
| Source of heading or term |
LEMB |
| 650 17 - SUBJECT ADDED ENTRY--TOPICAL TERM |
| Topical term or geographic name entry element |
Cohecho |
| General subdivision |
Aspectos jurídicos |
| Geographic subdivision |
Colombia. |
| Source of heading or term |
LEMB |
| 650 17 - SUBJECT ADDED ENTRY--TOPICAL TERM |
| Topical term or geographic name entry element |
Concusión |
| General subdivision |
Aspectos jurídicos |
| Geographic subdivision |
Colombia. |
| Source of heading or term |
LEMB |
| 942 ## - ADDED ENTRY ELEMENTS (KOHA) |
| Koha issues (borrowed), all copies |
0 |
| Source of classification or shelving scheme |
Dewey Decimal Classification |
| Institution code [OBSOLETE] |
MHC |
| Koha item type |
|
| Classification part |
345.861023 |
| Item part |
L839d |